Szczegóły MARC21

Austral English : a dictionary of Australasian words, phrases and usages /

003 -Nazwa inst., której nr kontr. jest w polu 001 [,]
    • @
    • Nazwa instytucji, której n kontrolny jest w polu 001
    • NUKAT
005 -DATA I CZAS OSTATNIEJ MODYFIKACJI [,]
    • @
    • pole kontrolne
    • 20241231094223.0
020 -Międzynarod. znormalizowany nr książki - ISBN [ , ]
    • a
    • Numer ISBN
    • 9781108028790 Find
    • q
    • Dopowiedzenie
    • paperback
040 -Instytucja sporządzająca opis [ , ]
    • a
    • Instytucja, która sporządziła opis (NP)
    • SZCZ U/KP
    • b
    • Język katalogowania
    • pol
    • e
    • Zasady katalogowania
    • rda
    • c
    • Instytucja, która sporządziła rekord (NP)
    • SZCZ U/KPs
942 -Rodzaj dokumentu [ , ]
    • c
    • Rodzaj dokumentu
    • Książka
100 -Hasło główne - nazwa osobowa [1, ]
    • a
    • Nazwa osobowa (NP)
    • Morris, Edward Ellis
    • d
    • Daty biograficzne (NP)
    • (1843-1901).
    • e
    • Rodzaj współpracy
    • Autor
    • 9
    • KHW
    • 691098
245 -Strefa tytułu i oznaczenia odpowiedzialności [1,0]
    • a
    • Tytuł
    • Austral English : Find
    • b
    • Ciąg dalszy tytułu (NP)
    • a dictionary of Australasian words, phrases and usages / Find
    • c
    • Pozostałe elementy strefy tytułu i oznaczenia odpowiedzialności (NP)
    • by Edward Ellis Morris.
250 -Strefa wydania [ , ]
    • a
    • Oznaczenie wydania (NP)
    • Digitally printed version.
260 -Strefa adresu wydawniczego [ , ]
    • a
    • Miejsce wydania (P)
    • Cambridge [i pozostałe] :
    • b
    • Nazwa wydawcy (P)
    • Cambridge University Press,
    • c
    • Data wydania (P)
    • 2011.
300 -Strefa opisu fizycznego [ , ]
    • a
    • Określenie formy książki i/lub objętość (NP)
    • XXIV, 525 stron ;
    • c
    • Format (NP)
    • 23 cm.
336 -Typ zawartości [ , ]
    • a
    • Termin opisujący typ zawartości
    • Tekst
    • b
    • Kod określający zawartość
    • txt
    • 2
    • Źródło (terminu i kodu)
    • rdacontent
337 -Typ mediów [ , ]
    • a
    • Tryb odtwarzania
    • Bez urządzenia pośredniczącego
    • b
    • Kod typu mediów
    • n
    • 2
    • Źródło (terminu i kodu)
    • rdamedia
338 -Typ/rodzaj nośnika [ , ]
    • a
    • Hasło opisujące typ nośnika
    • Wolumin
    • b
    • Kod typu nośnika
    • nc
    • 2
    • Źródło (terminu i kodu)
    • rdacarrier
490 -Strefa serii i książki wielotomowej - forma nie do wyszukiwania [1, ]
    • a
    • Tytuł (P)
    • Cambridge Library Collection Find
830 -Hasło dodatkowe serii i opisu książki wielotomowej - tytuł ujednolicony/tytuł [ ,0]
    • a
    • Tytuł ujednolicony/tytuł (NP)
    • Cambridge Library Collection
    • 9
    • KHW
    • 44703
534 -Uwaga dot. podstawy reprodukcji [ , ]
    • p
    • Określenie wprowadzające
    • Reprint, oryginał:
    • c
    • Adres wydawniczy oryginału
    • London ; New York : Macmillan, 1898.
080 -Uniwersalna Klasyfikacja Dziesiętna [ , ]
    • 2
    • Identyfikator wydania tablic
    • UDC-P058
    • 9
    • UKD
    • 43177
    • a
    • Symbol klasyfikacji
    • 811.111'282.8
    • b
    • Dopowiedzenie
    • Język angielski. - Języki konwencjonalne. Języki mieszane. Gwara międzynarodowa.
    • 4
    • UKD2
    • 7663
    • x
    • Poddział wspólny
    • (038)
    • c
    • Dopowiedzenie poddz. wspólnego
    • (Słowniki).
    • 4
    • UKD2
    • 9628
    • x
    • Poddział wspólny
    • (94)
    • c
    • Dopowiedzenie poddz. wspólnego
    • (Australia).
    • 4
    • UKD2
    • 43175
    • x
    • Poddział wspólny
    • (0.045)
    • c
    • Dopowiedzenie poddz. wspólnego
    • (Reprinty).
    • 4
    • UKD2
    • 7644
    • x
    • Poddział wspólny
    • =111
    • c
    • Dopowiedzenie poddz. wspólnego
    • =Język angielski.
650 -Hasło przedmiotowe [ ,7]
    • a
    • Hasło przedmiotowe
    • Język angielski (australijski)
    • x
    • Określnik rzeczowy
    • dialekty
    • v
    • Określnik formalny
    • glosaria.
    • 2
    • Źródło terminu
    • kaba
    • 9
    • KHW
    • 691116
980 -Symbol UKD [ , ]
    • a
    • UKD
    • 811.111'282.8(038)(94)(0.045)=111
710 -Hasło dodatkowe - nazwa ciała zbiorowego [2, ]
    • a
    • Nazwa ciała zbiorowego lub nazwa geograficzna jako pierwszy element (NP)
    • Cambridge University Press.
    • e
    • Rodzaj współpracy
    • Wydawca
    • 4
    • Kod relacji
    • pbl
    • 9
    • KHW
    • 615085
920 -ISBN [ , ]
    • a
    • ISBN
    • 978-1-108-02879-0 Find
    • q
    • Dopowiedzenie
    • paperback
Sygnatura Lokalizacja Data inwentaryzacji Status udost. Numer inwentarzowy
ANG. Odmiany jęz. - słowniki 03BM2012-04-271A.8857